000
00260nam a22000977a 4500
008
250428b |||||||| |||| 00| 0 eng d
020
_a
9781408855683
100
_a
Rowling J.K
245
_a
Harry Potter and the Goblet of Fire
260
_a
London
_b
Bloomsberry
_c
2014
999
_c
12758
_d
12758